| 000 | 00928nam a22002417a 4500 | ||
|---|---|---|---|
| 999 |
_c33662 _d33662 |
||
| 003 | OSt | ||
| 005 | 20230220152400.0 | ||
| 008 | 180115b xxu||||| |||| 00| 0 eng d | ||
| 020 | _a978-1-4562-7717-8 | ||
| 040 |
_aBMC _cBMC |
||
| 082 | _a658.15 | ||
| 100 | 1 |
_942111 _aBrealey, Richard A. |
|
| 245 | 1 | 0 |
_aPrincipios de finanzas corporativas _cRichard A. Brealey, Stewart C. Meyers, Franklin Allen; revisión técnica, Juliana Gudiño Antillón, María de las Mercedes Adamuz Peña, Janko Hernández Cortés ; [traducción, Prisciliano Antonio Enríquez Brito ] |
| 250 | _a13ª ed | ||
| 260 |
_aMéxico D.F. [etc.] _bMcGraw-Hill _c2020 |
||
| 300 |
_aXXV, 918, [36] p. _c27 cm |
||
| 500 | _aContiene índice. | ||
| 650 | 2 | 4 |
_95713 _aEmpresas _xFinanzas |
| 700 | 1 |
_942114 _aMyers, Stewart C. |
|
| 700 | 1 |
_942113 _aAllen, Franklin |
|
| 700 | 1 |
_942117 _aGudiño Antillón, Juliana |
|
| 942 |
_2ddc _cBK _hprozim |
||